Normal view
MARC view
- McDonnell, Rachael.
Entry Personal Name
001 - CONTROL NUMBER
- control field: 6625
003 - CONTROL NUMBER IDENTIFIER
- control field: NUST
005 - DATE AND TIME OF LATEST TRANSACTION
- control field: 20171122100657.0
008 - FIXED-LENGTH DATA ELEMENTS
- fixed length control field: 171122|| aca||aabn | a|a d
040 ## - CATALOGING SOURCE
- Original cataloging agency: NUST
- Transcribing agency: NUST
100 ## - HEADING--PERSONAL NAME
- Personal name: McDonnell, Rachael.
670 ## - SOURCE DATA FOUND
- Source citation: Work cat.: (NUST)0: Burrough, P. A. 6623, Principles of geographical information systems /, 1998.
